| 000 | 01277nam a22003255a 4500 | ||
|---|---|---|---|
| 001 | 15369233 | ||
| 005 | 20080716141530.0 | ||
| 008 | 080716s2008 nyu 000 0 eng | ||
| 010 | _a 2008933304 | ||
| 020 | _a9780387794471 (hardcopy : alk. paper) | ||
| 020 | _a9780387794488 (ebk.) | ||
| 020 | _a9780387794488 (ebk.) | ||
| 020 | _a0387794484 (ebk.) | ||
| 040 |
_aDLC _cDLC |
||
| 050 |
_a22 _b004.36 |
||
| 082 |
_222 _a004.36 _bDIS |
||
| 245 | 1 | 0 |
_aDistributed and parallel systems : _bIn focus: Desktop grid computing / _cEdite by Peter Kacsuk, Robert Lovas, Zsolt Nemeth. |
| 260 |
_aNew York, NY ; _b[London] : _cc2008. |
||
| 300 |
_ax, 206 p.: _bill.; _c24 cm. |
||
| 504 | 0 | _aIncludes bibliographical references and index. | |
| 650 | 1 |
_aElectronic data processing _vCongresses. _xDistributed processing _94366 |
|
| 650 | 1 |
_aParallel systems _94366 |
|
| 650 | 1 |
_aComputational grids (Computer systems) _94366 |
|
| 700 | 1 |
_aKacsuk, Peter. _94367 |
|
| 700 | 1 |
_aKacsuk, Peter. _94367 |
|
| 700 | 1 |
_aNemeth, Zsolt _94368 |
|
| 942 |
_2ddc _cBB |
||
| 999 |
_c11442 _d11442 |
||